IFM Opac

Uncertainty and expectations in economics (Record no. 14207)

MARC details
000 -LEADER
fixed length control field 00418nam a22001577a 4500
020 ## - INTERNATIONAL STANDARD BOOK NUMBER
International Standard Book Number 0 631 14170 7
082 ## - DEWEY DECIMAL CLASSIFICATION NUMBER
Classification number 330.0182CAR
100 ## - MAIN ENTRY--PERSONAL NAME
Personal name Carter, C.F.
245 ## - TITLE STATEMENT
Title Uncertainty and expectations in economics
260 ## - PUBLICATION, DISTRIBUTION, ETC.
Place of publication, distribution, etc. Britain
Name of publisher, distributor, etc. Blackwell
Date of publication, distribution, etc. 1972
300 ## - PHYSICAL DESCRIPTION
Extent ix,299p
Other physical details ill,:25cm
500 ## - GENERAL NOTE
General note Includes Bibliography
650 ## - SUBJECT ADDED ENTRY--TOPICAL TERM
Topical term or geographic name entry element Uncertainty and expectations in economics
700 ## - ADDED ENTRY--PERSONAL NAME
Personal name Ford, J.L.
942 ## - ADDED ENTRY ELEMENTS (KOHA)
Koha item type Books
Holdings
Withdrawn status Lost status Damaged status Not for loan Home library Current library Shelving location Date acquired Total Checkouts Full call number Barcode Date last seen Price effective from Koha item type
Withdrawn       IFM Main Campus Library IFM Main Campus Library Archival Collection 11/24/2015   330.0182CAR 0000006833 11/24/2015 02/19/2022 Books